| 000 | 00000nam##2200000za#4500 |
| 001 | 9.641819 |
| 003 | CaOODSP |
| 005 | 20210624223413 |
| 007 | cr ||||||||||| |
| 008 | 150407|1998||||xxc|||||o f|0| 0 fre|d |
| 040 | |aCaOODSP|bfre |
| 043 | |an-cn--- |
| 086 | 1 |aRH64-32/1998F-PDF |
| 110 | 1 |aCanada.|bDéveloppement des ressources humaines Canada. |bPolitique stratégique. |
| 245 | 10|aCanada-saskatchewan Programme des initiatives stratégiques - évaluation formative : |h[ressource électronique]|baperçu / |c[par] Évaluation et d'éveloppement des données. |
| 260 | |aOttawa - Ontario : |bDéveloppement des ressources humaines Canada. |cJuin 1998. |
| 300 | |a45p.|borganigrammes, tableaux |
| 590 | |a13-12-Supp|b2013-05-10 |
| 691 | 07|aRelations fédérales-provinciales|2gcpds |
| 775 | 08|tCanada-Saskatchewan Strategic Initiatives Program - formative evaluation : |w(CaOODSP)9.697773 |
| 856 | 40|ahttp://publications.gc.ca|qPDF|s224 Ko|uhttps://publications.gc.ca/collections/collection_2013/rhdcc-hrsdc/RH64-32-1998-fra.pdf |
| 986 | |aSP-AH079F-06-98 |